| 000 | 00699nam a22002417a 4500 | ||
|---|---|---|---|
| 005 | 20260328104503.0 | ||
| 008 | 260328b |||||||| |||| 00| 0 eng d | ||
| 020 |
_a978-93-325-8553-9 _cRs.835.00 |
||
| 040 | _aLoreto College | ||
| 041 | _aEnglish | ||
| 082 |
_a338.9 _bTOD |
||
| 100 | _aTodaro,Michael P. | ||
| 245 |
_aEconomic development _cMichael P. Todaro and Stephen C Smith |
||
| 250 | _a12th ed. | ||
| 260 |
_aNoida _bPearson India Education _c2023 |
||
| 300 | _axxvii,860p.;25cm. | ||
| 504 | _aIncludes glossary,name and author index | ||
| 650 | _aEconomics | ||
| 650 | _aDevelopmental economics | ||
| 700 |
_4Auth _aSmith,Stephen C. |
||
| 850 | _aLCLIB | ||
| 942 | _cBK | ||
| 999 |
_c44301 _d94780 |
||